| 000 | 01020 a2200325 4500 | ||
|---|---|---|---|
| 999 |
_c74245 _d15398 |
||
| 001 | 74245 | ||
| 003 | TR-AnTOB | ||
| 005 | 20250620074104.0 | ||
| 008 | 110628s2007 tu 000 0 d | ||
| 020 | _a9789756267912 | ||
| 040 |
_aTR-AnTOB _cTR-AnTOB |
||
| 041 | _atur | ||
| 050 |
_aPL240 _b.G47 2007 |
||
| 090 | _aPL240 .G47 2007 | ||
| 245 | 0 | _aGerçek hayaller dükkanı. | |
| 264 | 1 |
_aAdapazarı : _bAdapazarı Büyükşehir Belediyesi, _c2007. |
|
| 300 |
_a281 p. ; _c20 cm. |
||
| 336 |
_2rdacontent _atext _btxt |
||
| 337 |
_2rdamedia _aunmediated _bn |
||
| 338 |
_2rdacarrier _avolume _bnc |
||
| 490 | 0 |
_aAdapazarı Kitaplığı ; _v19 |
|
| 500 | _aAdapazarı Büyükşehir Belediyesi "Sait Faik 100 yaşında" ulusal ödüllü lise öğrencileri arası hikaye yarışması, 11 Mayıs 2007 | ||
| 650 | 0 |
_aShort stories, Turkish _931731 |
|
| 650 | 7 |
_aKısa hikayeler, Türk _2etuturkob _948475 |
|
| 902 | _a0028484 | ||
| 903 | _aMerkez Kutuphane | ||
| 942 |
_cBK _2lcc |
||
| 945 | _aSC,C.Ş | ||